Efficiency of the welfare state (Record no. 46052)

000 -LEADER
fixed length control field 00344pab a2200145 454500
008 - FIXED-LENGTH DATA ELEMENTS--GENERAL INFORMATION
fixed length control field 180718b1999 xxu||||| |||| 00| 0 eng d
100 ## - MAIN ENTRY--PERSONAL NAME
Personal name Gouyette, Claudine
245 ## - TITLE STATEMENT
Title Efficiency of the welfare state
260 ## - PUBLICATION, DISTRIBUTION, ETC.
Date of publication, distribution, etc. 1999
300 ## - PHYSICAL DESCRIPTION
Extent p.537-53
650 ## - SUBJECT ADDED ENTRY--TOPICAL TERM
Topical term or geographic name entry element Social policy
700 ## - ADDED ENTRY--PERSONAL NAME
Personal name Pestieau, Pierre
773 ## - HOST ITEM ENTRY
Main entry heading Kyklos
909 ## -
-- 46052
Holdings
Withdrawn status Lost status Damaged status Not for loan Permanent Location Current Location Date acquired Serial Enumeration / chronology Barcode Date last seen Price effective from Koha item type
        Indian Institute of Public Administration Indian Institute of Public Administration 2018-07-19 Volume no: 52, Issue no: 4 AR46477 2018-07-19 2018-07-19 Articles

Powered by Koha